00446nam a22001692 4500001001100000005001700011008004100028020001700069040001500086100003200101245004400133250001300177260003600190300001800226650002900244852000300273000002080920151217145927.0111018s xx 000 0 eng d a0071479228 : aKABUcKABU1 aWarhaus, Susan.@000018137710aFertility demystified /cSusan Warhaus. a1st ed. aNew York :bMcGraw Hill,c2007. axiii, 256 p. 0aInfertility.@00001813781